| 000 | 00417nam a2200169Ia 4500 | ||
|---|---|---|---|
| 005 | 20250423095739.0 | ||
| 008 | 250422s9999 xx 000 0 und d | ||
| 020 | _a978785579666 | ||
| 050 | _aKP 109 . U4/ | ||
| 100 | _aUmaru, Ibrahim | ||
| 245 | 0 | _aIntellectual property law in Nigeria | |
| 260 | _aSokoto | ||
| 260 | _bUsman Danfodio university press ltd. | ||
| 260 | _c2018 | ||
| 300 | _a277 p | ||
| 942 | _cBK | ||
| 999 |
_c31209 _d31209 |
||